[Event "Europa tch femenino 2005"]
[Site "Gotebörg SWE"]
[Date "2005.07.31"]
[Round "2.9"]
[White "Cedikova, Katerina"]
[Black "Borsuk, Angela"]
[Result "0-1"]
[WhiteElo "2262"]
[BlackElo "2342"]
[PlyCount "88"]
[EventDate "2005.07.30"]
[EventType "team"]
[EventRounds "9"]
[EventCountry "SWE"]
[Source "lmi"]
[SourceDate "2005.08.07"]

1. d4 d6 2. Nf3 Nf6 3. g3 Nbd7 4. Bg2 e5 5. c4 c6 6. Nc3 Be7 7. e4 O-O 8. O-O
Re8 9. d5 Nc5 10. Qc2 a5 11. Be3 Qc7 12. Rfc1 Bd7 13. Rab1 Rec8 14. Ne1 cxd5
15. cxd5 Ng4 16. Qe2 Nxe3 17. Qxe3 h6 18. h4 b5 19. Qe2 b4 20. Nd1 Qb6 21. Ne3
b3 22. a3 Na4 23. Kh2 g6 24. Nf3 Bb5 25. Qd2 h5 26. Bh3 Rxc1 27. Rxc1 Nc5 28.
Qc3 Nd3 29. Qc7 Qxc7 30. Rxc7 Bd8 31. Rb7 Ba4 32. Nc4 Nc5 33. Nxd6 Nxb7 34.
Nxb7 Bb6 35. Nxe5 Bxf2 36. Nd6 Bd4 37. Nexf7 Bxb2 38. Be6 Kg7 39. Nc4 Bd4 40.
g4 hxg4 41. d6 b2 42. Nd2 Rf8 43. d7 Bxd7 44. Bxd7 Rxf7 0-1

[Event "Europa tch femenino 2005"]
[Site "Gotebörg SWE"]
[Date "2005.07.31"]
[Round "2.10"]
[White "Frisk, Ellinor"]
[Black "Andersson, Christin"]
[Result "1-0"]
[WhiteElo "1991"]
[BlackElo "2168"]
[PlyCount "69"]
[EventDate "2005.07.30"]
[EventType "team"]
[EventRounds "9"]
[EventCountry "SWE"]
[Source "lmi"]
[SourceDate "2005.08.07"]

1. e4 c6 2. d4 d5 3. e5 Bf5 4. h4 Qb6 5. g4 Bd7 6. Be2 e6 7. Nf3 c5 8. c3 Nc6
9. dxc5 Bxc5 10. O-O Nh6 11. Bxh6 gxh6 12. b4 Be7 13. Qd2 Rg8 14. Qf4 Qd8 15.
b5 Na5 16. h5 Qc7 17. Rd1 Bg5 18. Qd4 Be7 19. Nbd2 Qc5 20. Qf4 Bxb5 21. Bxb5+
Qxb5 22. Rab1 Qd7 23. c4 Nc6 24. cxd5 exd5 25. Nh2 Bg5 26. Qg3 Nd4 27. Kf1
O-O-O 28. Qc3+ Nc6 29. Ne4 Bf4 30. Nd6+ Qxd6 31. exd6 Bxh2 32. Rxb7 Rxd6 33.
Rdb1 Re6 34. Qf3 Rg5 35. Qxf7 1-0

[Event "Europa tch femenino 2005"]
[Site "Gotebörg SWE"]
[Date "2005.07.31"]
[Round "2.11"]
[White "Lauterbach, Ingrid"]
[Black "Cinar Corlulu, Nilufer"]
[Result "0-1"]
[WhiteElo "2156"]
[BlackElo "2038"]
[PlyCount "78"]
[EventDate "2005.07.30"]
[EventType "team"]
[EventRounds "9"]
[EventCountry "SWE"]
[Source "lmi"]
[SourceDate "2005.08.07"]

1. e4 c5 2. Nc3 Nc6 3. g3 g6 4. Bg2 Bg7 5. d3 d6 6. Be3 e6 7. Qd2 Qa5 8. Nge2
Nd4 9. O-O Ne7 10. Nc1 O-O 11. Nb3 Qb4 12. Kh1 a5 13. Rab1 Bd7 14. Na1 a4 15.
Bh6 Rfb8 16. Bxg7 Kxg7 17. Qf4 e5 18. Qh4 f6 19. f4 Rf8 20. Rf2 Rf7 21. a3 Qb6
22. Nd1 Raf8 23. Ne3 f5 24. c3 Ndc6 25. Nd5 Nxd5 26. exd5 Ne7 27. Re1 c4 28.
Rd2 cxd3 29. fxe5 dxe5 30. Rxe5 Qd6 31. Qd4 Kg8 32. Rxd3 f4 33. Rf3 fxg3 34.
Rxf7 Rxf7 35. hxg3 Nf5 36. Qf4 Qf8 37. Nc2 Nh6 38. Qc4 Ng4 39. Qc7 Qh6+ 0-1

[Event "Europa tch femenino 2005"]
[Site "Gotebörg SWE"]
[Date "2005.07.31"]
[Round "2.11"]
[White "Bayrak, Asli"]
[Black "Gilbert, Jessie"]
[Result "1-0"]
[WhiteElo "1967"]
[BlackElo "2151"]
[PlyCount "104"]
[EventDate "2005.07.30"]
[EventType "team"]
[EventRounds "9"]
[EventCountry "SWE"]
[Source "lmi"]
[SourceDate "2005.08.07"]

1. e4 g6 2. d4 Bg7 3. Nf3 d6 4. Bd3 Nf6 5. O-O O-O 6. Re1 Nc6 7. h3 e5 8. c3
Nh5 9. Be3 Nf4 10. Na3 Qf6 11. d5 Ne7 12. Bf1 g5 13. g3 Qg6 14. Kh2 Nxh3 15.
Bxh3 Bxh3 16. Nxg5 Bd7 17. Kg2 h6 18. Nf3 Qg4 19. Nc4 Qxe4 20. Ncxe5 dxe5 21.
Bc5 Qf5 22. Bxe7 Rfe8 23. Bh4 e4 24. Nh2 Re5 25. Qe2 Rae8 26. Qe3 Rxd5 27. Qxa7
Rd2 28. g4 Qg6 29. Bg3 Rxb2 30. Qa3 Rc2 31. Re3 Bxg4 32. Nxg4 Qxg4 33. Qa4
Rxf2+ 34. Kxf2 Re6 35. Qd1 Qf5+ 36. Kg2 Rg6 37. Qd8+ Kh7 38. Rf1 Qc5 39. Qd2 f5
40. Kh2 h5 41. Bf4 Rg4 42. Rg3 h4 43. Rh3 Qb5 44. Rg1 Bf6 45. c4 Qa4 46. Rg2
Kg6 47. Qe2 Rxg2+ 48. Qxg2+ Kf7 49. Qe2 c5 50. Rb3 Qa6 51. Qh5+ Ke7 52. Rxb7+
Kd8 1-0

[Event "Europa tch femenino 2005"]
[Site "Gotebörg SWE"]
[Date "2005.07.31"]
[Round "2.12"]
[White "Thorsteinsdottir, Gudlaug"]
[Black "Sargac, Rajna"]
[Result "0-1"]
[WhiteElo "2132"]
[BlackElo "2242"]
[PlyCount "96"]
[EventDate "2005.07.30"]
[EventType "team"]
[EventRounds "9"]
[EventCountry "SWE"]
[Source "lmi"]
[SourceDate "2005.08.07"]

1. d4 e6 2. c4 b6 3. Nf3 Bb7 4. Nc3 Bb4 5. Qc2 f5 6. a3 Bxc3+ 7. Qxc3 Nf6 8. g3
O-O 9. Bg2 Be4 10. O-O a5 11. Re1 a4 12. Bf1 Qe7 13. Nd2 Bb7 14. f3 d6 15. Bg2
Nbd7 16. e4 fxe4 17. Nxe4 Nxe4 18. fxe4 e5 19. d5 Nc5 20. Be3 Nb3 21. Rad1 Bc8
22. h3 Bd7 23. Rf1 Nc5 24. Qc2 Be8 25. Rxf8+ Qxf8 26. Rf1 Qe7 27. h4 Bd7 28.
Bg5 Qe8 29. Kh2 h6 30. Be3 Nb3 31. Qe2 Qe7 32. Bh3 Bxh3 33. Kxh3 Rf8 34. Kg2
Rxf1 35. Qxf1 Qf7 36. Qe1 Qh5 37. Bf2 Qg4 38. Bg1 Na5 39. c5 dxc5 40. Bxc5 Nc4
41. Be7 Nxb2 42. d6 cxd6 43. Bxd6 Nd3 44. Qe3 Qd1 45. Qxb6 Qe2+ 46. Kg1 Qxe4
47. Bb4 Nxb4 48. axb4 Qd4+ 0-1

[Event "Europa tch femenino 2005"]
[Site "Gotebörg SWE"]
[Date "2005.07.31"]
[Round "2.12"]
[White "Medic, Mirjana"]
[Black "Ptacnikova, Lenka"]
[Result "1/2-1/2"]
[WhiteElo "2268"]
[BlackElo "2204"]
[PlyCount "57"]
[EventDate "2005.07.30"]
[EventType "team"]
[EventRounds "9"]
[EventCountry "SWE"]
[Source "lmi"]
[SourceDate "2005.08.07"]

1. d4 Nf6 2. Nf3 e6 3. e3 c5 4. Bd3 d5 5. b3 Be7 6. O-O O-O 7. Bb2 b6 8. Ne5
Bb7 9. Nd2 Ne4 10. f3 Nxd2 11. Qxd2 f6 12. Ng4 Nc6 13. Rad1 f5 14. Ne5 Nxe5 15.
dxe5 Qc7 16. c4 Rad8 17. Qe2 g6 18. f4 Rd7 19. Rd2 Rfd8 20. Rfd1 Kf7 21. Bc3
dxc4 22. Bxc4 Rxd2 23. Rxd2 Rxd2 24. Bxd2 Qc6 25. a4 Qe4 26. Bd3 Qd5 27. Bc4
Qe4 28. Bd3 Qd5 29. Bc4 1/2-1/2

[Event "Europa tch femenino 2005"]
[Site "Gotebörg SWE"]
[Date "2005.07.31"]
[Round "2.12"]
[White "Macek, Vlasta"]
[Black "Gretarsdottir, Lilja"]
[Result "1-0"]
[WhiteElo "2211"]
[BlackElo "2046"]
[PlyCount "147"]
[EventDate "2005.07.30"]
[EventType "team"]
[EventRounds "9"]
[EventCountry "SWE"]
[Source "lmi"]
[SourceDate "2005.08.07"]

1. d4 d5 2. c4 c6 3. e3 Nf6 4. Nc3 a6 5. Qc2 g6 6. Bd3 Bg7 7. Nf3 O-O 8. O-O
Nbd7 9. b3 b6 10. Bb2 Bb7 11. Rac1 Re8 12. Rfd1 e6 13. b4 dxc4 14. Bxc4 Qe7 15.
a3 c5 16. d5 b5 17. d6 Qd8 18. Be2 c4 19. a4 Qb6 20. axb5 axb5 21. Nd4 Ba6 22.
Bf3 Rac8 23. Ra1 e5 24. Rxa6 Qxa6 25. Ndxb5 Qb6 26. Nc7 Red8 27. b5 Rxc7 28.
dxc7 Qxc7 29. Nd5 Nxd5 30. Bxd5 Nb6 31. Bc6 Qe7 32. Bc3 Bf6 33. g3 Rxd1+ 34.
Qxd1 Qc5 35. Qb1 Qa3 36. Qb4 Qc1+ 37. Kg2 h5 38. h4 Qc2 39. Qd6 Qxc3 40. Qxf6
Qa5 41. Be8 Qa8+ 42. Bc6 Qb8 43. Qe7 Kg7 44. e4 Nc8 45. Qc5 Nb6 46. Bd5 Qd8 47.
Bxc4 Qf6 48. Bd5 Qd8 49. Bc6 Qc7 50. Qc3 f6 51. Qb3 Qd6 52. Qa2 Qe7 53. Qa6 Qc7
54. Qb7 Qxb7 55. Bxb7 Kf7 56. Kf3 Ke6 57. Bc6 Nc8 58. Be8 Ne7 59. b6 Kd6 60.
Ke3 g5 61. Bxh5 Kc6 62. Be8+ Kxb6 63. h5 Ng8 64. Kd3 Kc5 65. Kc3 Nh6 66. Bd7
Ng8 67. Be6 Nh6 68. Bc4 Ng4 69. f3 Nh6 70. g4 Kc6 71. Kb4 Kb6 72. Bd5 Kc7 73.
Kc5 Kd7 74. Kb6 1-0

[Event "Europa tch femenino 2005"]
[Site "Gotebörg SWE"]
[Date "2005.07.31"]
[Round "2.13"]
[White "Zaksaite, Salomeja"]
[Black "Horvath, Maria"]
[Result "1-0"]
[WhiteElo "2237"]
[BlackElo "2039"]
[PlyCount "55"]
[EventDate "2005.07.30"]
[EventType "team"]
[EventRounds "9"]
[EventCountry "SWE"]
[Source "lmi"]
[SourceDate "2005.08.07"]

1. e4 e6 2. d4 d5 3. Nc3 Nf6 4. e5 Nfd7 5. f4 c5 6. Nf3 Nc6 7. Be3 a6 8. Bd3 b5
9. O-O b4 10. Na4 a5 11. dxc5 Ba6 12. Bxa6 Rxa6 13. a3 Be7 14. Qd3 Qc8 15. Rfc1
O-O 16. axb4 Nxb4 17. Qb5 Qc6 18. Qe2 Raa8 19. c3 Qa6 20. Qxa6 Nxa6 21. c6 Ndc5
22. Nd4 Nxa4 23. Rxa4 Nc5 24. Ra2 Rfb8 25. b4 axb4 26. c7 Rc8 27. Rxa8 Rxa8 28.
cxb4 1-0

[Event "Europa tch femenino 2005"]
[Site "Gotebörg SWE"]
[Date "2005.07.31"]
[Round "2.13"]
[White "Daulyte, Deimante"]
[Black "Nagy, Laura"]
[Result "1-0"]
[WhiteElo "2195"]
[BlackElo "1933"]
[PlyCount "117"]
[EventDate "2005.07.30"]
[EventType "team"]
[EventRounds "9"]
[EventCountry "SWE"]
[Source "lmi"]
[SourceDate "2005.08.07"]

1. e4 e5 2. Nf3 Nc6 3. Bb5 a6 4. Ba4 Nf6 5. O-O Be7 6. Re1 b5 7. Bb3 d6 8. c3
O-O 9. h3 Na5 10. Bc2 c5 11. d4 Qc7 12. Nbd2 cxd4 13. cxd4 Bb7 14. d5 Rac8 15.
Bd3 Ba8 16. Nf1 Nb7 17. b4 Nd7 18. Ng3 g6 19. Bh6 Rfe8 20. Rc1 Qb6 21. Qe2 Bf8
22. Be3 Qd8 23. Rxc8 Qxc8 24. Rc1 Qd8 25. a4 a5 26. Bxb5 axb4 27. Qc4 Nbc5 28.
Qxb4 Qb8 29. Qc3 Rd8 30. h4 h5 31. Ne1 Bg7 32. Nc2 Bf6 33. Nb4 Qc7 34. Bxd7
Qxd7 35. Bxc5 dxc5 36. Qxc5 Qxa4 37. Nc6 Re8 38. Qd6 Bxh4 39. Qd7 Bxc6 40. Rxc6
Qd1+ 41. Kh2 Rf8 42. Qc7 Qd4 43. Rc4 Qxf2 44. Qxe5 Bxg3+ 45. Qxg3 Qxg3+ 46.
Kxg3 Kg7 47. Kf4 f6 48. Ke3 Rd8 49. Rc6 g5 50. Kd4 Kf7 51. Rc7+ Ke8 52. Kc5 Ra8
53. Rh7 Rc8+ 54. Kd6 Rc2 55. Ke6 Kd8 56. d6 Kc8 57. Rh8+ Kb7 58. d7 Rc6+ 59.
Kd5 1-0

[Event "Europa tch femenino 2005"]
[Site "Gotebörg SWE"]
[Date "2005.08.01"]
[Round "3.1"]
[White "Botsari, Anna-Maria"]
[Black "Kosintseva, Nadezhda"]
[Result "1-0"]
[WhiteElo "2297"]
[BlackElo "2490"]
[PlyCount "169"]
[EventDate "2005.07.30"]
[EventType "team"]
[EventRounds "9"]
[EventCountry "SWE"]
[Source "lmi"]
[SourceDate "2005.08.07"]

1. d4 Nf6 2. c4 e6 3. Nc3 Bb4 4. Qc2 d5 5. cxd5 exd5 6. Bg5 h6 7. Bxf6 Qxf6 8.
e3 O-O 9. a3 Bf5 10. Bd3 Bxd3 11. Qxd3 Bxc3+ 12. Qxc3 Qg6 13. Kf1 Nd7 14. Ne2
Qa6 15. Rd1 Rac8 16. Qd3 Qb6 17. Nc3 Qe6 18. f3 c5 19. Kf2 c4 20. Qc2 f5 21.
Rhe1 Nf6 22. Kg1 Rfe8 23. Re2 a6 24. a4 b6 25. Rde1 Qd7 26. Rd1 b5 27. axb5
axb5 28. b4 Re7 29. Ra1 Rce8 30. Qd2 Rb8 31. Ra5 Qe8 32. Kf2 Reb7 33. Re1 Qe7
34. Qb2 h5 35. Rea1 Re8 36. Re1 Qd6 37. h3 Qd7 38. Rea1 h4 39. Ra8 Rxa8 40.
Rxa8+ Kh7 41. Ra5 Ng8 42. Kg1 Ne7 43. Qf2 Ng6 44. f4 Kh6 45. Ra6 Kh7 46. Qf3
Ne7 47. Qh5+ Kg8 48. Ra8+ Nc8 49. Nxd5 Qe6 50. Qxh4 Rf7 51. Qg3 Qxd5 52. Rxc8+
Rf8 53. Rc5 Qd7 54. Qe1 Rc8 55. Rxc8+ Qxc8 56. Qc3 Qe6 57. Qd2 Qd5 58. Kf2 Kf7
59. Qa2 Kg8 60. Qa6 Kh7 61. Qc8 Qe4 62. Qc5 Qc2+ 63. Kg3 Qd3 64. d5 c3 65. d6
c2 66. d7 Qxd7 67. Qxc2 Qe6 68. Kf2 Kh6 69. Qc5 Qd7 70. Qd4 Qc6 71. Qd3 g6 72.
g4 Qh1 73. gxf5 Qh2+ 74. Ke1 Qh1+ 75. Kd2 Qg2+ 76. Kc3 Qc6+ 77. Kb2 Qg2+ 78.
Kb3 Qxh3 79. fxg6 Qe6+ 80. Kb2 Qc6 81. f5 Kg5 82. g7 Qf6+ 83. Qd4 Qf7 84. Qd8+
Kh5 85. Qh8+ 1-0

[Event "Europa tch femenino 2005"]
[Site "Gotebörg SWE"]
[Date "2005.08.01"]
[Round "3.2"]
[White "Foisor, Cristina Adela"]
[Black "Mkrtchian, Lilit"]
[Result "1-0"]
[WhiteElo "2402"]
[BlackElo "2447"]
[PlyCount "123"]
[EventDate "2005.07.30"]
[EventType "team"]
[EventRounds "9"]
[EventCountry "SWE"]
[Source "lmi"]
[SourceDate "2005.08.07"]

1. Nf3 c5 2. c4 Nf6 3. g3 b6 4. Bg2 Bb7 5. O-O e6 6. Nc3 Be7 7. d4 cxd4 8. Qxd4
d6 9. b3 Nbd7 10. Bb2 a6 11. Rfd1 Qc7 12. Ne1 O-O 13. e4 Rfe8 14. Rac1 Rac8 15.
Nc2 Qb8 16. Ne3 Qa8 17. b4 Bf8 18. a3 h6 19. h3 Rc7 20. Kh2 Rec8 21. f3 Qb8 22.
Ne2 Ba8 23. Qd3 Bc6 24. Qb3 Ba8 25. Nf4 Re8 26. Rc2 Rcc8 27. Rcd2 Bc6 28. Ng4
Nxg4+ 29. hxg4 Qc7 30. Bf1 b5 31. Rc1 Qb7 32. Rdc2 Nb6 33. c5 dxc5 34. bxc5 Nd7
35. a4 Qb8 36. axb5 axb5 37. Nd3 Qb7 38. Nb4 Rb8 39. Bd4 e5 40. Be3 Nf6 41.
Nxc6 Qxc6 42. Ra2 Nh7 43. Ra5 Ng5 44. Be2 b4 45. Kg2 Ne6 46. Bc4 Qc7 47. Bxe6
Rxe6 48. Ra4 Qb7 49. Rc4 Rd8 50. Raxb4 Qa8 51. Rb6 Rc6 52. Rc2 Rdc8 53. Ra2
Rxb6 54. cxb6 Qc6 55. b7 Rb8 56. Rb2 Qa6 57. Qb5 Qa1 58. Bf2 Bd6 59. Rc2 Kh7
60. Rc8 Qa3 61. Qd5 Qa6 62. Rc6 1-0

[Event "Europa tch femenino 2005"]
[Site "Gotebörg SWE"]
[Date "2005.08.01"]
[Round "3.2"]
[White "Danielian, Elina"]
[Black "Peptan, Corina-Isabela"]
[Result "1/2-1/2"]
[WhiteElo "2433"]
[BlackElo "2411"]
[PlyCount "67"]
[EventDate "2005.07.30"]
[EventType "team"]
[EventRounds "9"]
[EventCountry "SWE"]
[Source "lmi"]
[SourceDate "2005.08.07"]

1. d4 Nf6 2. Nf3 e6 3. e3 b6 4. Bd3 Bb7 5. O-O Be7 6. c4 O-O 7. Nc3 d5 8. cxd5
exd5 9. b3 Nbd7 10. Bb2 Re8 11. Rc1 a6 12. Qc2 Bd6 13. Ne2 Rc8 14. Ng3 Ne4 15.
Qe2 Ra8 16. Rfd1 Qf6 17. Bxe4 dxe4 18. Ne5 Rad8 19. Nc4 Bf8 20. Rc2 Qg6 21. Ne5
Nxe5 22. dxe5 c5 23. Rcd2 Rxd2 24. Rxd2 b5 25. Nh5 Bc8 26. h3 Qg5 27. Nf4 Rd8
28. Qd1 Rxd2 29. Qxd2 Qe7 30. Qd5 Bb7 31. Qd1 Bc6 32. Qg4 Bd7 33. Qd1 Bc6 34.
Qg4 1/2-1/2

[Event "Europa tch femenino 2005"]
[Site "Gotebörg SWE"]
[Date "2005.08.01"]
[Round "3.2"]
[White "Bogza, Adina-Maria"]
[Black "Andriasian, Siranush"]
[Result "1/2-1/2"]
[WhiteElo "2325"]
[BlackElo "2280"]
[PlyCount "71"]
[EventDate "2005.07.30"]
[EventType "team"]
[EventRounds "9"]
[EventCountry "SWE"]
[Source "lmi"]
[SourceDate "2005.08.07"]

1. d4 Nf6 2. Nf3 d5 3. g3 c6 4. Bg2 Bf5 5. O-O e6 6. c4 Be7 7. b3 Nbd7 8. Nc3
Ne4 9. Nxe4 Bxe4 10. Bb2 O-O 11. e3 a5 12. Qe2 Qb6 13. Nd2 Bxg2 14. Kxg2 Bf6
15. Nf3 Rfe8 16. e4 e5 17. Nxe5 Nxe5 18. dxe5 Bxe5 19. exd5 Bxg3 20. Qg4 Be5
21. Bxe5 Rxe5 22. Rae1 Rxe1 23. Rxe1 cxd5 24. Qd7 Qg6+ 25. Kh1 Qc6 26. Qxd5
Qxd5+ 27. cxd5 Kf8 28. d6 Rd8 29. Rd1 f6 30. Kg2 Kf7 31. Rc1 Ke6 32. Rc5 b6 33.
Rc6 Rxd6 34. Rc7 Rd7 35. Rc6+ Rd6 36. Rc7 1/2-1/2

[Event "Europa tch femenino 2005"]
[Site "Gotebörg SWE"]
[Date "2005.08.01"]
[Round "3.2"]
[White "Aginian, Nelly"]
[Black "Olarasu, Gabriela"]
[Result "1/2-1/2"]
[WhiteElo "2324"]
[BlackElo "2306"]
[PlyCount "30"]
[EventDate "2005.07.30"]
[EventType "team"]
[EventRounds "9"]
[EventCountry "SWE"]
[Source "lmi"]
[SourceDate "2005.08.07"]

1. e4 e5 2. Nf3 Nc6 3. Bb5 a6 4. Ba4 Nf6 5. d3 b5 6. Bb3 Bc5 7. Nc3 h6 8. Nd5
d6 9. c3 Rb8 10. O-O O-O 11. d4 exd4 12. Nxd4 Ne5 13. Qc2 Nxd5 14. Bxd5 Qh4 15.
f3 Bd7 1/2-1/2

[Event "Europa tch femenino 2005"]
[Site "Gotebörg SWE"]
[Date "2005.08.01"]
[Round "3.3"]
[White "Vasilevich, Tatjana"]
[Black "Arakhamia-Grant, Ketevan"]
[Result "1/2-1/2"]
[WhiteElo "2393"]
[BlackElo "2423"]
[PlyCount "116"]
[EventDate "2005.07.30"]
[EventType "team"]
[EventRounds "9"]
[EventCountry "SWE"]
[Source "lmi"]
[SourceDate "2005.08.07"]

1. d4 Nf6 2. c4 g6 3. g3 Bg7 4. Bg2 O-O 5. Nc3 d6 6. h3 Nc6 7. e3 Bd7 8. Nge2
Qc8 9. b3 e5 10. Bb2 exd4 11. Nxd4 Re8 12. Nxc6 bxc6 13. Qd2 a5 14. Kf1 h5 15.
Kg1 h4 16. g4 Qd8 17. Kh2 Qe7 18. Rhe1 Rab8 19. Rad1 Nh7 20. f4 g5 21. Kh1 Rf8
22. c5 d5 23. e4 d4 24. Ne2 Qxc5 25. Bxd4 Bxd4 26. Qxd4 Qxd4 27. Rxd4 Bc8 28.
e5 gxf4 29. Nxf4 Rb4 30. Rxb4 axb4 31. Bxc6 Rd8 32. Nd5 Ng5 33. Re3 Kg7 34.
Nxb4 Rd4 35. a3 Be6 36. Kg2 Rd2+ 37. Kf1 Rd4 38. Ke2 Nxh3 39. Rxh3 Bxg4+ 40.
Rf3 h3 41. Ke3 Bxf3 42. Bxf3 Rh4 43. Nd3 h2 44. Nf2 c5 45. Bd5 Rh5 46. Kf4 Rh4+
47. Kg3 Rd4 48. Bf3 c4 49. bxc4 Rxc4 50. Kxh2 Rc3 51. Kg3 Rxa3 52. Ne4 Kg6 53.
Nd6 Kg5 54. Kf2 Kf4 55. Be2 Ra7 56. Nc4 Rc7 57. Bd3 Rxc4 58. Bxc4 Kxe5 1/2-1/2

[Event "Europa tch femenino 2005"]
[Site "Gotebörg SWE"]
[Date "2005.08.01"]
[Round "3.4"]
[White "Kachiani-Gersinska, Ketino"]
[Black "Socko, Monika"]
[Result "1/2-1/2"]
[WhiteElo "2416"]
[BlackElo "2465"]
[PlyCount "87"]
[EventDate "2005.07.30"]
[EventType "team"]
[EventRounds "9"]
[EventCountry "SWE"]
[Source "lmi"]
[SourceDate "2005.08.07"]

1. d4 Nf6 2. c4 e5 3. dxe5 Ng4 4. Bf4 g5 5. Bg3 Bg7 6. Nf3 Nc6 7. h4 Ngxe5 8.
Nxe5 Nxe5 9. e3 Ng6 10. hxg5 Bxb2 11. Nd2 d6 12. Rb1 Bc3 13. Qc2 Bxd2+ 14. Qxd2
Qxg5 15. Qc3 a6 16. Bf4 Qe7 17. Bd3 Rg8 18. Bg3 f6 19. Qd4 Rg7 20. Rxh7 Rxh7
21. Bxg6+ Rf7 22. Bh4 Kf8 23. Bxf7 Kxf7 24. Bg3 Kg7 25. Ke2 Qe6 26. f3 b5 27.
Rc1 Bd7 28. Qd5 Re8 29. Qxe6 Rxe6 30. c5 dxc5 31. Rxc5 c6 32. e4 Re8 33. Be1 a5
34. Ke3 Kf7 35. Kf4 Rh8 36. Bxa5 Ra8 37. Bc3 Rxa2 38. g4 Ra3 39. g5 fxg5+ 40.
Kxg5 b4 41. Bxb4 Rxf3 42. Re5 Be6 43. Ra5 Bd7 44. Re5 1/2-1/2

[Event "Europa tch femenino 2005"]
[Site "Gotebörg SWE"]
[Date "2005.08.01"]
[Round "3.6"]
[White "Medvegy, Nora"]
[Black "Prudnikova, Svetlana"]
[Result "1/2-1/2"]
[WhiteElo "2387"]
[BlackElo "2370"]
[PlyCount "85"]
[EventDate "2005.07.30"]
[EventType "team"]
[EventRounds "9"]
[EventCountry "SWE"]
[Source "lmi"]
[SourceDate "2005.08.07"]

1. e4 e5 2. Nf3 Nf6 3. Nxe5 d6 4. Nf3 Nxe4 5. Nc3 Nxc3 6. dxc3 Be7 7. Bf4 Nd7
8. Qd2 O-O 9. O-O-O Nc5 10. Be3 Re8 11. Bc4 Be6 12. Bxe6 Nxe6 13. h4 Bf8 14.
Ng5 h6 15. Ne4 Nc5 16. Nxc5 dxc5 17. Qd5 Qxd5 18. Rxd5 Red8 19. Rhd1 Rxd5 20.
Rxd5 Be7 21. h5 b6 22. Bf4 Rc8 23. c4 Kf8 24. Kd2 Ke8 25. Be5 Bf6 26. Bxf6 gxf6
27. Ke3 Ke7 28. f4 c6 29. Rd3 f5 30. Ra3 Ra8 31. Kf3 Ke6 32. g3 a5 33. Rb3 Rb8
34. a4 Kf6 35. Rd3 Ke6 36. Re3+ Kf6 37. Rb3 Ke6 38. Rd3 Rg8 39. Rd1 Rb8 40.
Re1+ Kf6 41. Re3 Rg8 42. Rb3 Rb8 43. Rd3 1/2-1/2

[Event "Europa tch femenino 2005"]
[Site "Gotebörg SWE"]
[Date "2005.08.01"]
[Round "3.6"]
[White "Madl, Ildiko"]
[Black "Maric, Alisa"]
[Result "1/2-1/2"]
[WhiteElo "2382"]
[BlackElo "2415"]
[PlyCount "103"]
[EventDate "2005.07.30"]
[EventType "team"]
[EventRounds "9"]
[EventCountry "SWE"]
[Source "lmi"]
[SourceDate "2005.08.07"]

1. e4 c6 2. d4 d5 3. Nd2 dxe4 4. Nxe4 Bf5 5. Ng3 Bg6 6. h4 h6 7. Nf3 Nd7 8. h5
Bh7 9. Bd3 Bxd3 10. Qxd3 e6 11. Bf4 Ngf6 12. O-O-O Be7 13. Kb1 O-O 14. Ne4 Nxe4
15. Qxe4 Nf6 16. Qe2 Qd5 17. Ne5 Qe4 18. Qxe4 Nxe4 19. Rhe1 Nf6 20. g4 Rfd8 21.
f3 a5 22. c3 a4 23. Kc2 Ra6 24. Nd3 Raa8 25. Be3 Nd5 26. Bf2 Bd6 27. c4 Nb4+
28. Nxb4 Bxb4 29. Re2 Rd7 30. a3 Be7 31. Be3 b5 32. Rd3 Bf6 33. Red2 Rad8 34.
cxb5 cxb5 35. f4 Rd5 36. Kd1 Kh7 37. Ke2 g6 38. hxg6+ Kxg6 39. Kf3 Bg7 40. Kg3
f5 41. gxf5+ exf5 42. Kf3 Kf7 43. Rc3 R8d7 44. Rd1 Bf6 45. Rc2 h5 46. Rh2 h4
47. Rc2 Rb7 48. b3 Rbd7 49. bxa4 bxa4 50. Rc4 Ra7 51. Rc2 Be7 52. Rd3 1/2-1/2

[Event "Europa tch femenino 2005"]
[Site "Gotebörg SWE"]
[Date "2005.08.01"]
[Round "3.6"]
[White "Bojkovic, Natasa"]
[Black "Vajda, Szidonia"]
[Result "1/2-1/2"]
[WhiteElo "2386"]
[BlackElo "2392"]
[PlyCount "78"]
[EventDate "2005.07.30"]
[EventType "team"]
[EventRounds "9"]
[EventCountry "SWE"]
[Source "lmi"]
[SourceDate "2005.08.07"]

1. e4 e5 2. Nf3 Nc6 3. Bb5 Nf6 4. O-O Nxe4 5. d4 Nd6 6. Bxc6 dxc6 7. dxe5 Nf5
8. Qxd8+ Kxd8 9. Nc3 Ke8 10. h3 Be6 11. b3 Bb4 12. Bb2 Bxc3 13. Bxc3 Bd5 14.
Nd2 c5 15. Rad1 Rd8 16. Rfe1 Nd4 17. Bxd4 cxd4 18. Ne4 Bxe4 19. Rxe4 c5 20. b4
b6 21. bxc5 bxc5 22. Rd3 Ke7 23. c3 dxc3 24. Rxc3 Rd1+ 25. Kh2 Rc8 26. Ra4 Rc7
27. Rac4 Rd2 28. Rxc5 Rxc5 29. Rxc5 Rxa2 30. f4 g6 31. Rc7+ Ke6 32. Rc6+ Kd7
33. Rd6+ Ke7 34. Kg3 a5 35. Rc6 Ra4 36. Rc7+ Ke6 37. Rc6+ Ke7 38. Rc7+ Ke6 39.
Rc6+ Ke7 1/2-1/2

[Event "Europa tch femenino 2005"]
[Site "Gotebörg SWE"]
[Date "2005.08.01"]
[Round "3.6"]
[White "Benderac, Ana"]
[Black "Gara, Anita"]
[Result "1/2-1/2"]
[WhiteElo "2289"]
[BlackElo "2372"]
[PlyCount "145"]
[EventDate "2005.07.30"]
[EventType "team"]
[EventRounds "9"]
[EventCountry "SWE"]
[Source "lmi"]
[SourceDate "2005.08.07"]

1. d4 f5 2. c4 Nf6 3. Nc3 g6 4. e3 d6 5. b3 Bg7 6. Bb2 O-O 7. Nh3 c6 8. Qd2 e5
9. O-O-O Qa5 10. a3 h6 11. b4 Qc7 12. d5 Rd8 13. f3 cxd5 14. Nxd5 Qf7 15. c5
Nxd5 16. Qxd5 Be6 17. Bc4 Bxd5 18. Bxd5 a5 19. b5 Rc8 20. Bxf7+ Kxf7 21. Rxd6
Rxc5+ 22. Kd2 Rxb5 23. Ba1 Nc6 24. Rd7+ Kf8 25. Rc1 Rd8 26. Rxd8+ Nxd8 27. Rc8
Rd5+ 28. Ke2 g5 29. Nf2 Ke7 30. Rc7+ Rd7 31. Rc5 Nc6 32. Bc3 Ke6 33. a4 Rd5 34.
Rb5 Rxb5 35. axb5 Na7 36. Bxa5 Nxb5 37. Bb4 Kd5 38. Kd3 Nd6 39. e4+ fxe4+ 40.
fxe4+ Ke6 41. g4 Nb5 42. Nh1 Nd4 43. h3 Nf3 44. Bc5 Bf6 45. Ng3 Be7 46. Bxe7
Kxe7 47. Kc4 Ke6 48. Nf5 Ng1 49. h4 gxh4 50. Nxh4 Nh3 51. Nf5 Nf2 52. Nxh6 Nxe4
53. Nf5 Nf2 54. Ne3 Ne4 55. Nf5 Ng5 56. Kc5 Nf7 57. Kc4 Kf6 58. Kd5 Kg5 59. Ne3
Kf4 60. Nc4 e4 61. Kd4 Ng5 62. Nd6 Nf3+ 63. Kc3 e3 64. Kd3 Ne5+ 65. Ke2 b6 66.
g5 Kxg5 67. Kxe3 Kf6 68. Kd4 Ke6 69. Nc4 Nc6+ 70. Kc3 b5 71. Na5 Na7 72. Kb4
Kd5 73. Nb3 1/2-1/2

[Event "Europa tch femenino 2005"]
[Site "Gotebörg SWE"]
[Date "2005.08.01"]
[Round "3.7"]
[White "Vasiliev, Olga"]
[Black "Jelica, Mara"]
[Result "0-1"]
[WhiteElo "2202"]
[BlackElo "2191"]
[PlyCount "92"]
[EventDate "2005.07.30"]
[EventType "team"]
[EventRounds "9"]
[EventCountry "SWE"]
[Source "lmi"]
[SourceDate "2005.08.07"]

1. e4 c5 2. d4 cxd4 3. c3 d3 4. c4 Nc6 5. Bxd3 g6 6. Nf3 Bg7 7. O-O d6 8. h3
Nf6 9. Nc3 O-O 10. Be3 Nd7 11. Nd2 Nc5 12. Bc2 b6 13. Rc1 Nb4 14. Ndb1 f5 15.
exf5 Nxc2 16. Qd5+ e6 17. Qxa8 Nxe3 18. fxe3 Qg5 19. fxg6 Bb7 20. Qxf8+ Bxf8
21. gxh7+ Kxh7 22. e4 Bg7 23. Rcd1 Nxe4 24. Nxe4 Bxe4 25. Rf2 Bxb1 26. h4 Qc5
27. Rxb1 Bd4 28. Rbf1 Qxc4 29. g3 Qxa2 30. Kh2 Bxf2 31. Rxf2 Kg6 32. g4 Qb3 33.
g5 a5 34. Rg2 Qf3 35. Kg1 e5 36. Rf2 Qg3+ 37. Kf1 Qh3+ 38. Kg1 Qxh4 39. Rf6+
Kxg5 40. Rxd6 Qe1+ 41. Kg2 Qe2+ 42. Kh3 e4 43. Rc6 Qe3+ 44. Kh2 Qf2+ 45. Kh3 e3
46. Rxb6 e2 0-1